000 00396nam a2200145Ia 4500
008 151015s9999 xx 000 0 und d
020 _a58260334
050 _aGB 439 .B82 2005
245 _aBuckle,Colin
250 _a_Landforms in Africa colin Buckle
300 _aHarlow Longman group 1978
500 _aIncludes index.
650 _a_Geomorphology
700 _a^d20121017 11:10:05^oanne
999 _c3808
_d3808